Statistics for Alaskan quiz

Click here to take the quiz!

General Stats

  • This quiz has been taken 36 times
  • The average score is 4 of 9

Answer Stats

HintAnswer% Correct
Biggest cityAnchorage
90%
CapitalJuneau
90%
abbreviationAK
80%
State nicknameLast frontier
63%
State flowerForget me not
43%
MottoNorth to the future
27%
Highest pointMount mckinley
23%
Colours on flagBlue yellow
17%
lowest pointsea level
0%

Score Distribution

Percentile by Number Answered

Percent of People with Each Score

Your Score History

You have not taken this quiz